00313nam a2200133Ia 450000500170000000800410001703700130005804000200007104100130009108400190010424500170012326000310014030000080017120250326125655.0250326s9999 xx 000 0 und d aTextbook aFMSLbengcFMSL aeng2eng aX:8F K84qFMSL 0aFigures help aLondonbLondon, HMSOc1968 a66p